Análisis de una red SDH implementada en la infraestructura eléctrica del sistema interconectado Nacional SIN de Nicaragua por la empresa ENATREL

Presenta estudio del diseño físico y lógico que actualmente tiene la red SDH de ENATREL basados en aspectos técnicos y experiencias en el campo de desarrollo que permita entender la importancia de implementar redes a nivel SDH en el sector energético.

Bibliographic Details
Main Authors: Alemán Martínez, Salvador Antonio, Rodríguez, Oscar
Other Authors: Tutor: Dalla-Torre Parrales, Cedrick Elksnher
Format: Tesis Section = Libro
Language:Undetermined
Spanish
Published: Managua UNI 2011
Subjects:
LEADER 01194nam a2200253Ia 4500
008 240830s9999 xx 000 0 und d
040 |a BIBLIOTECA-RUSB/ T.Mon 004.6 A367 
041 |a spa 
082 |a T.Mon 004.6 A367 
100 1 |a Alemán Martínez, Salvador Antonio 
100 1 |b Rodríguez, Oscar 
245 1 0 |a Análisis de una red SDH implementada en la infraestructura eléctrica del sistema interconectado Nacional SIN de Nicaragua por la empresa ENATREL 
260 |a Managua  |b UNI  |c 2011 
300 |a 65 p. :il. 
502 |a Tesis (Ingeniero Electrónico e Ingeniero en Computación) - UNI, 2011. 
520 3 |a Presenta estudio del diseño físico y lógico que actualmente tiene la red SDH de ENATREL basados en aspectos técnicos y experiencias en el campo de desarrollo que permita entender la importancia de implementar redes a nivel SDH en el sector energético. 
650 7 |a REDES OPTICAS DE COMUNICACIONES DE ALTA CAPACIDAD 
650 7 |b  REDES DE TELECOMUNICACIONES 
650 7 |c  REDE DE COMPUTADORES 
650 7 |d  JERARQUIA DIGITAL SINCRÓNICA 
700 1 |a Tutor:  |b Dalla-Torre Parrales, Cedrick Elksnher 
942 |c BK  |2 ddc 
991 |a TESIS 
999 |c 21572